BIBLIOTECA PODER JUDICIAL
Portal Judicial TDF

El delito de falsedad ideológica de documento público / (Registro nro. 6076)

000 -LEADER
fixed length control field 01427nab a22002057a 4500
003 - CONTROL NUMBER IDENTIFIER
control field OSt
005 - DATE AND TIME OF LATEST TRANSACTION
control field 20260121181302.0
008 - FIXED-LENGTH DATA ELEMENTS--GENERAL INFORMATION
fixed length control field 190502c xxu||||| |||| 00| 0 spa d
040 ## - CATALOGING SOURCE
Transcribing agency PJ
100 ## - MAIN ENTRY--PERSONAL NAME
9 (RLIN) 4831
Personal name Sandhagen, Alberto
245 13 - TITLE STATEMENT
Title El delito de falsedad ideológica de documento público /
Statement of responsibility, etc Alberto Sandhagen.
260 ## - PUBLICATION, DISTRIBUTION, ETC. (IMPRINT)
Place of publication, distribution, etc Ciudad Autónoma de Buenos Aires :
Name of publisher, distributor, etc Thomson Reuters La Ley,
Date of publication, distribution, etc 2024.
300 ## - PHYSICAL DESCRIPTION
Extent p. 3-35
505 ## - FORMATTED CONTENTS NOTE
Formatted contents note Sumario: I. Objeto del trabajo.— II. Bien jurídico protegido.— III. Noción de falsedad ideológica.— IV. Las acciones establecidas en el tipo penal.— V. El elemento normativo del tipo penal.— VI. La premisa relativa a un hecho que el documento deba probar.— VII. El perjuicio que debe provocar la conducta de la figura penal.— VIII. Sujetos del delito de falsedad ideológica.— IX. Consumación y tentativa.— X. Tipo subjetivo.— XI. El instituto de la simulación.— XII. Causas de justificación.— XIII. Concursos de delitos.— XIV. Circunstancia agravante del art. 293.— XV. La pena establecida en el delito.— XVI. Final.<br/><br/>
505 ## - FORMATTED CONTENTS NOTE
Title ¿Te interesa el texto completo? Solicitalo al correo: koha@justierradelfuego.gov.ar
650 #0 - SUBJECT ADDED ENTRY--TOPICAL TERM
9 (RLIN) 343
Topical term or geographic name as entry element DERECHO PENAL
650 #0 - SUBJECT ADDED ENTRY--TOPICAL TERM
9 (RLIN) 6851
Topical term or geographic name as entry element FALSEDAD IDEOLÓGICA
773 0# - HOST ITEM ENTRY
Host Biblionumber 2729
Host Itemnumber 3180
Place, publisher, and date of publication Buenos Aires : LexisNexis, 2006-
Title Revista de derecho penal y procesal penal. Nº 3 - Marzo 2024
International Standard Book Number 9875920622
942 ## - ADDED ENTRY ELEMENTS (KOHA)
Source of classification or shelving scheme
Koha item type Analítica Artículo de Revista

No hay ítems disponibles.

12 de Octubre 789 Ushuaia - Tel:  54(02901)441571
Horario de Atención: 8.00 a 17.00 hs. 
bibliotecaush@justierradelfuego.gov.ar
koha@justierradelfuego.gov.ar
Seguinos en nuestras redes @bibliojustdf 

Con tecnología Koha